• 首页
  • 本馆介绍
  • 公告通知
  • 最新文献
  • 馆藏检索
  • 电子资源
  • 读者导购
  • 参考咨询
  • 我的图书馆
  • 登录
  • 详细信息显示
  • 放入我的书架
  • 预约/预借图书
  • 作者相关作品
  • 分类相关作品
  • 丛书相关作品
  • 出版社相关作品

书目信息

  • 表格格式
  • 工作单格式
  • 卡片格式
题名:
儿童阅读的世界
    
 
作者: 李文玲 , 舒华 主编
分册: IV  
出版信息: 北京   北京师范大学出版社  2016
页数: 353页
开本: 24cm
丛书名: 国际儿童阅读研究丛书
单 册:
中图分类: G252.17
科图分类:
主题词: 儿童--er tong--阅读辅导--研究
电子资源:
ISBN: 978-7-303-21291-0
000 01357nam0 22003011 450
001 387897
005 20170503083648.65
010    @a978-7-303-21291-0@b精装@dCNY118.00
100    @a20170106d2016 em y0chiy50 ea
101 0  @achi@ceng
102    @aCN@b110000
105    @aa z 000yy
106    @ar
200 1  @a儿童阅读的世界@9er tong yue du de shi jie@dThe world of Children's reading@e学校、家庭与社区的实践研究@hIV@eearly reading acquisition in the classroom, home and community@f李文玲,舒华主编@zeng
210    @a北京@c北京师范大学出版社@d2016
215    @a353页@c照片@d24cm
225 2  @a国际儿童阅读研究丛书@9guo ji er tong yue du yan jiu cong shu
300    @a国家出版基金项目
330    @a本书立足儿童阅读教育的三大场景:课堂、家庭、社区,以卓有成效的实践为例,为阅读课程设计、图书分级与家庭阅读环境创设等实际问题,提供了最具参考意义的解答。
461  0 @12001 @a国际儿童阅读研究丛书
510 1  @aWorld of Children's reading@hIV@eearly reading acquisition in the classroom, home and community@zeng
517 1  @a学校、家庭与社区的实践研究@9xue jiao jia ting yu she qu de shi jian yan jiu
606 0  @a儿童@9er tong@x阅读辅导@x研究
690    @aG252.17@v5
701  0 @a李文玲@9li wen ling@c(女,心理学)@4主编
701  0 @a舒华@9shu hua@c(女)@4主编
801  0 @aCN@b百万庄@c20170308
905    @b1004634-7@dG252.17@e106:4@f4
    
    儿童阅读的世界=The world of Children's reading:学校、家庭与社区的实践研究.IV:early reading acquisition in the classroom, home and community/李文玲,舒华主编.-北京:北京师范大学出版社,2016
    353页:照片;24cm.-(国际儿童阅读研究丛书)
    国家出版基金项目
    
    ISBN 978-7-303-21291-0(精装):CNY118.00
    本书立足儿童阅读教育的三大场景:课堂、家庭、社区,以卓有成效的实践为例,为阅读课程设计、图书分级与家庭阅读环境创设等实际问题,提供了最具参考意义的解答。
●
相关链接 在E读中查询图书 在五车中查询图书 在当当中查询图书 在豆瓣中查询图书


正题名:儿童阅读的世界     索取号:G252.17/106:4         预约/预借

序号 登录号 条形码 馆藏地/架位号 状态 备注
1 1004634   210046341   第一样本阅览室/ [索取号:G252.17/106:4] 在馆    
2 1004635   210046350   教育系资料室/ [索取号:G252.17/106:4] 在馆    
3 1004636   210046369   教育系资料室/ [索取号:G252.17/106:4] 在馆    
4 1004637   210046378   教育系资料室/ [索取号:G252.17/106:4] 在馆    
唐山师范学院图书馆 欢迎您!
大连网信软件有限公司© 版权所有